LEADER 03307oam 22006494a 450 001 9910454708303321 005 20211028114838.0 010 $a1-282-12125-1 010 $a9786612121258 010 $a1-84742-295-0 035 $a(CKB)1000000000762118 035 $a(EBL)435900 035 $a(OCoLC)429116077 035 $a(SSID)ssj0000260608 035 $a(PQKBManifestationID)11193409 035 $a(PQKBTitleCode)TC0000260608 035 $a(PQKBWorkID)10193175 035 $a(PQKB)11108628 035 $a(MiAaPQ)EBC435900 035 $a(OCoLC)1257352031 035 $a(MdBmJHUP)musev2_80278 035 $a(EXLCZ)991000000000762118 100 $a20091002d2009 uy 0 101 0 $aeng 135 $aur|n|---||||| 181 $ctxt 182 $cc 183 $acr 200 10$aTowards a democratic division of labour in Europe?$eThe Combination Model as a new integrated approach to professional and family life /$fWalter Van Dongen 210 1$aBrussels :$cResearch Centre of the Flemish Government,$d2009. 210 4$dİ2009. 215 $a1 online resource (299 p.) 300 $aTRAITEMENT SOMMAIRE. 300 $aTitre de l'ecran-titre (visionne le 7 fevr. 2014). 311 $a1-84742-269-1 327 $aThe division of professional and family labour -- An integrated conceptual approach to daily life -- A new normative approach to the division of labour in society -- Actual evolution of the division of professional and family labour -- The complete combination model as the basis for an integrated policy in a strong democracy -- Policy perspectives for the realisation of the complete combination model -- Major results. 330 $a"Towards a democratic division of labour in Europe? starts from the challenge of balancing these values in all sections of modern society, introducing the Combination Model as a scientific tool for studying the division of professional and family work. Following an integrated conceptual approach, the book explains the historical evolution of the division of labour in modern welfare states. Three policy models are developed to illustrate how a democratic division of labour can be conceived in the long term and the Complete Combination Model is presented as the most suitable for the development of an integrated policy programme." "This book offers inspiration to all scientists, policy makers, representatives of societal organisations and managers who are searching for new theoretical, empirical and policy perspectives."--Jaquette. 606 $aWork and family$2fast$3(OCoLC)fst01180235 606 $aSexual division of labor$2fast$3(OCoLC)fst01114830 606 $aWork and family$zEurope 606 $aSexual division of labor$zEurope 607 $aEurope$2fast 608 $aLivres electroniques. 608 $aElectronic books. 615 0$aWork and family. 615 0$aSexual division of labor. 615 0$aWork and family 615 0$aSexual division of labor 676 $a306.36094 700 $aDongen$b W. van$0969949 712 02$aStudiedienst van de Vlaamse Regering. 801 0$bMdBmJHUP 801 1$bMdBmJHUP 906 $aBOOK 912 $a9910454708303321 996 $aTowards a Democratic Division of Labour in Europe$92204807 997 $aUNINA LEADER 04560nam 22004933 450 001 9911027075703321 005 20250831090821.0 010 $a3-527-69894-9 010 $a3-527-69895-7 035 $a(CKB)4330000000010728 035 $a(MiAaPQ)EBC32274227 035 $a(Au-PeEL)EBL32274227 035 $a(OCoLC)1535402715 035 $a(EXLCZ)994330000000010728 100 $a20250831d2025 uy 0 101 0 $aeng 135 $aurcnu|||||||| 181 $ctxt$2rdacontent 182 $cc$2rdamedia 183 $acr$2rdacarrier 200 10$aAnalytical Methods in Radiative Transfer 205 $a1st ed. 210 1$aNewark :$cJohn Wiley & Sons, Incorporated,$d2025. 210 4$dİ2025. 215 $a1 online resource (183 pages) 225 1 $aWiley Series in Atmospheric Physics and Remote Sensing Series 311 08$a3-527-41143-7 327 $aCover -- Half Title Page -- Title Page -- Copyright -- Dedication -- Contents -- Preface -- Acknowledgments -- Chapter 1: Introduction -- 1.1 Historical Background -- 1.2 What Is Radiative Transfer About and What Is It Good For? -- 1.3 Phenomenological Radiative Transfer -- 1.4 Microphysical Approach -- 1.5 Atmospheric Remote Sensing -- 1.6 Radiative Transfer Models in Atmospheric Remote Sensing -- 1.7 Electromagnetic Spectrum -- 1.8 Why Do We Need Analytical Models in Radiative Transfer? -- 1.9 Radiative Transfer and Climate Modeling -- 1.10 Remote Sensing of Trace Gases -- 1.11 Remote Sensing of Clouds -- 1.12 Remote Sensing of Atmospheric Aerosol -- Chapter 2: Radiative Transfer Equation -- 2.1 Introduction to Radiative Transfer Theory -- 2.2 Formulation of the RTE -- 2.3 RTE with Thermal Source -- 2.4 Optical Thickness and Single-scattering Albedo -- 2.5 Single-scattering Phase Function -- 2.6 Orders of Scattering -- 2.7 One-dimensional RTE -- 2.8 Formal Solution of the RTE -- 2.9 RTE for Azimuthal Harmonics of the Intensity -- 2.10 Radiance Moments -- 2.11 Light Reflection from Layered Media -- Chapter 3: Optically Thin Media and Media with Strongly Anisotropic Scattering -- 3.1 Single-scattering Approximation -- 3.2 Second-order Scattering Approximation -- 3.3 Small-angle Approximation -- Chapter 4: Semi-infinite Media -- 4.1 Milne Problem -- 4.2 Light in Deep Layers of Semi-infinite Turbid Media -- 4.3 Light Reflection from Semi-infinite Media -- 4.3.1 Invariant Imbedding -- 4.3.2 H-functions -- 4.3.3 Nonabsorbing Media -- 4.3.4 Weakly Absorbing Media -- Chapter 5: Optically Thick Media -- 5.1 Nonabsorbing Media -- 5.2 Weakly Absorbing Media -- 5.3 Optically Thick Turbid Media with an Arbitrary Level of Light Absorption -- 5.4 Asymptotic Equations -- Chapter 6: Turbid Media with Arbitrary Optical Thickness -- 6.1 Sobolev Approximation. 327 $a6.2 Two-stream Approximation -- 6.3 Four-stream Approximation -- 6.4 The Spherical Harmonics Method -- 6.5 Phase Function Truncation Methods -- Chapter 7: Radiative Transfer in Gaseous Absorption Bands -- 7.1 k-Distribution and Correlated-k Methods -- 7.2 Exponential Sum Fitting of Transmittances -- 7.3 Spectral Mapping -- 7.4 Optimal Spectral Sampling -- 7.5 Double-k, Linear-k, and Low-streams Interpolation Techniques -- 7.6 Computations in a Broad Spectral Range: 400-2500 nm -- 7.7 Concept of Dimensionality Reduction -- 7.8 Principal Component Analysis of Spectral Radiances -- 7.9 Principal Component Analysis for Differential Optical Absorption Spectroscopy -- 7.10 Principal Component Analysis of Optical Parameters -- 7.11 Neural Networks -- Appendix A: Legendre Polynomials -- Appendix B: Computations of Local Optical Parameters -- Bibliography -- Index -- EULA. 330 $aProvides in-depth knowledge of the physics of radiative transfer In Analytical Methods in Radiative Transfer , a team of distinguished researchers delivers a comprehensive exploration of solutions to practical problems of modern atmospheric optics related to solar light interaction with the terrestrial atmosphere and the remote sensing of clouds. 410 0$aWiley Series in Atmospheric Physics and Remote Sensing Series 606 $aSCIENCE / Physics / Atomic & Molecular$2bisacsh 615 7$aSCIENCE / Physics / Atomic & Molecular 676 $a523.0192 700 $aKokhanovsky$b Alexander$01067490 701 $aNatraj$b Vijay$01848702 701 $aEfremenko$b Dmitry$0934390 801 0$bMiAaPQ 801 1$bMiAaPQ 801 2$bMiAaPQ 906 $aBOOK 912 $a9911027075703321 996 $aAnalytical Methods in Radiative Transfer$94435994 997 $aUNINA